| 000 | 00787nam a22002297a 4500 | ||
|---|---|---|---|
| 999 |
_c36435 _d36435 |
||
| 003 | OSt | ||
| 005 | 20260226234932.0 | ||
| 008 | 141014b xxu||||| |||| 00| 0 eng d | ||
| 020 | _a978-607-32-5657-5 | ||
| 040 | _cBMC | ||
| 082 | _a658.3 | ||
| 100 | 1 |
_aDessler, Gary _911266 |
|
| 245 | 1 | 0 |
_aAdministración de recursos humanos _cGary Dessler ; traducción, María Luisa Román Quiroz; revisión técnica, Eduardo Jael Madrid Martiñon |
| 250 | _a15ª ed | ||
| 260 |
_aMéxico D.F. [etc.] _bPearson Educación _c2022 |
||
| 300 |
_aXXXVI, 666 p. _c28 cm. |
||
| 594 | _1Traducción de: Human resource management | ||
| 650 | 2 | 4 |
_aGestión de recursos humanos _95702 |
| 700 | 1 |
_950128 _aRomán Quiroz, María Luisa |
|
| 700 | 1 |
_950129 _aMadrid Martiñon, Eduardo Jael |
|
| 942 |
_2ddc _cBK |
||